Eco-design of high-rise buildings: a search for alternative low-cost and low energy design to current high-tech approaches (Record no. 65753)
[ view plain ]
| 000 -LEADER | |
|---|---|
| fixed length control field | 01180cam a2200241 4500 |
| 001 - CONTROL NUMBER | |
| control field | ABS63357 |
| 008 - FIXED-LENGTH DATA ELEMENTS--GENERAL INFORMATION | |
| fixed length control field | 000000n2000 000 0 eng u |
| 035 ## - SYSTEM CONTROL NUMBER | |
| System control number | (Sirsi) u110263 |
| 100 ## - MAIN ENTRY--PERSONAL NAME | |
| Personal name | Shabha, G |
| 245 ## - TITLE STATEMENT | |
| Title | Eco-design of high-rise buildings: a search for alternative low-cost and low energy design to current high-tech approaches |
| 260 ## - PUBLICATION, DISTRIBUTION, ETC. | |
| Date of publication, distribution, etc. | 2000 |
| 490 ## - SERIES STATEMENT | |
| Series statement | Building Engineer |
| Volume/sequential designation | 75(11) December 2000, 16-21(6) |
| 520 ## - SUMMARY, ETC. | |
| Summary, etc. | Examines the approach towards making tower blocks, especially those erected in the 1960s, more ecologically-friendly improving operational efficiency and optimising their long-term durability. A high-tech approach is proving too expensive so the article investigates and assesses some of the problems and obstacles related to using alternatives of low-cost and low-energy design components. The paper hopes to highlight issues for further discussions among built environment practitioners. |
| 590 ## - LOCAL NOTE (RLIN) | |
| Local note | ABS |
| 650 ## - SUBJECT ADDED ENTRY--TOPICAL TERM | |
| Topical term or geographic name entry element | REHABILITATION |
| 650 ## - SUBJECT ADDED ENTRY--TOPICAL TERM | |
| Topical term or geographic name entry element | HIGH RISE BUILDINGS |
| 650 ## - SUBJECT ADDED ENTRY--TOPICAL TERM | |
| Topical term or geographic name entry element | TOWER BLOCKS |
| 650 ## - SUBJECT ADDED ENTRY--TOPICAL TERM | |
| Topical term or geographic name entry element | URBAN REGENERATION |
| 650 ## - SUBJECT ADDED ENTRY--TOPICAL TERM | |
| Topical term or geographic name entry element | ECO-EFFICIENCY |
| 650 ## - SUBJECT ADDED ENTRY--TOPICAL TERM | |
| Topical term or geographic name entry element | 1960S BUILDINGS |
| 690 ## - LOCAL SUBJECT ADDED ENTRY--TOPICAL TERM (OCLC, RLIN) | |
| Topical term or geographic name as entry element | REGENERATION |
| 942 ## - ADDED ENTRY ELEMENTS (KOHA) | |
| Suppress in OPAC | 0 |
| Withdrawn status | Lost status | Source of classification or shelving scheme | Damaged status | Not for loan | Home library | Current library | Shelving location | Date acquired | Total Checkouts | Full call number | Barcode | Date last seen | Copy number | Price effective from | Koha item type |
|---|---|---|---|---|---|---|---|---|---|---|---|---|---|---|---|
| Dewey Decimal Classification | London | London | Journal article | 09/01/2001 | ABS63357 | 110263-1001 | 06/08/2019 | 1 | 06/08/2019 | Journal article |